000
00326nam a2200133Ia 4500
008
191201s2002 xx 000 0 und d
100
_a
TIMOSHENKO, Stephen
245
0
_a
Strength of Materials Part 1
250
_a
Rep
260
_a
N. Delhi
_b
C B S Publisher
_c
2002
300
_a
442
650
_a
B.Tech(CE)
942
_2
ddc
_c
BK
999
_c
5882
_d
5882